[Event "45th Olympiad 2024"]
[Site "Budapest HUN"]
[Date "2024.09.22"]
[Round "11.1"]
[Board "1"]
[White "Fedoseev, Vladimir3"]
[Black "Gukesh, D."]
[Result "0-1"]
[WhiteElo "2692"]
[BlackElo "2764"]
[PlyCount "96"]
[EventDate "2024.09.11"]
[WhiteTeam "Slovenia"]
[BlackTeam "India"]
[WhiteTeamCountry "SLO"]
[BlackTeamCountry "IND"]

1. d4 Nf6 2. Bf4 d5 3. e3 c5 4. Nf3 Nc6 5. Nbd2 Bg4 6. c3 e6 7. Qa4 Nd7 8. Bb5 Qc8 ({RR} 8... Qb6 9. Ne5 Ndxe5 10. dxc5 Bxc5 11. Bxe5 Bh5 12. g4 Bg6 13. Bxg7 Rg8 14. Bd4 Bxd4 15. cxd4 Rc8 16. Rc1 Kf8 17. Bxc6 Qxb2 18. Ke2 bxc6 19. Qb3 Rb8 20. Qxb2 Rxb2 21. Rxc6 Rxa2 22. Rcc1 Kg7 23. Ra1 {½-½ Dubov,D (2708)-Martirosyan,H (2678) Chessable Masters Play-In 2024 (8)}) 9. Rc1 $146 ({RR} 9. h3 Bh5 10. g4 Bg6 11. Nh4 Nb6 12. Qd1 c4 13. Nxg6 hxg6 14. Nf3 Be7 15. Ne5 g5 16. Bg3 Rh6 17. Kf1 f6 18. Nxc6 bxc6 19. Ba4 Qd7 20. Kg2 Bd6 21. Bc2 Bxg3 22. fxg3 O-O-O 23. Qf3 Qe7 {0-1 Tolhuizen,L (2259)-Borgo,G (2409) Aosta op 12th 2004 (5)}) ({RR} 9. O-O a6 10. Bxc6 Qxc6 11. Qxc6 bxc6 12. c4 Be7 13. h3 Bh5 14. Rac1 O-O 15. Ne5 Nxe5 16. Bxe5 cxd4 17. exd4 Bb4 18. Nb1 Be2 19. a3 Bxf1 20. Kxf1 Be7 21. Nc3 Bf6 22. Bxf6 gxf6 23. Ke2 Rab8 {0-1 Ser,D (2017)-Becerra,J (2291) Titled Tue 10th Sep Early 2024 (3)}) ({RR} 9. Ne5 Ncxe5 10. Bxe5 a6 11. Bxd7+ Qxd7 12. Qxd7+ Kxd7 13. dxc5 f6 14. Bd6 Bxd6 15. cxd6 Kxd6 16. f3 Bh5 17. Kf2 e5 18. Rhd1 Rhd8 19. Rac1 Bf7 20. Nb3 Ke7 21. Rc2 a5 22. Nc1 b5 23. Nd3 Rac8 {½-½ Agrest,E (2600)-Blomqvist,E (2511) SWE-chT 1718 Elite 2017 (9.2)}) ({RR} 9. h3 Bh5 10. Ne5 Ncxe5 11. Bxe5 a6 12. Be2 b5 13. Qd1 Nxe5 14. dxe5 Bg6 15. f4 Be7 16. Nf3 O-O 17. Bd3 Bxd3 18. Qxd3 Rb8 {½-½ Jovanic,O (2490)-Horvath,J (2536) Trieste op 19th 2017 (8)}) 9... a6 10. Bxc6 Qxc6 11. Qxc6 bxc6 12. c4 f6 13. Nb3 a5 14. h3 Bf5 15. Ke2 a4 16. Nbd2 h5 17. Bg3 Be7 18. Rc3 Kf7 19. Rhc1 Rhc8 20. dxc5 e5 21. cxd5 cxd5 22. c6 Nb6 23. a3 Ra5 24. Ne1 Rb5 25. Nd3 d4 26. exd4 exd4 27. R3c2 Re8 28. Nf3 Rb3 29. Nfe1 Bb4+ 30. Kf1 Bxe1 31. Nxe1 Bxc2 32. Nxc2 d3 33. Ne3 Rxb2 34. c7 Nc8 35. h4 Ra2 36. Bf4 Rxa3 37. g3 Rb3 38. Nc4 Re6 39. Nd2 Rb2 40. Rc3 Ra6 41. Ra3 Rc2 42. Ne4 Kg6 43. Kg2 Ne7 44. Kf3 Nd5 45. Nc3 Nxc7 46. Bxc7 d2 47. Ke2 Re6+ 48. Kd1 Rb2 0-1

[Event "45th Olympiad 2024"]
[Site "Budapest HUN"]
[Date "2024.09.22"]
[Round "11.1"]
[Board "2"]
[White "Praggnanandhaa, R."]
[Black "Demchenko, Anton"]
[Result "1-0"]
[WhiteElo "2750"]
[BlackElo "2597"]
[PlyCount "105"]
[EventDate "2024.09.11"]
[WhiteTeam "India"]
[BlackTeam "Slovenia"]
[WhiteTeamCountry "IND"]
[BlackTeamCountry "SLO"]

1. d4 d5 2. c4 dxc4 3. Nf3 Nf6 4. e3 e6 5. Bxc4 c5 6. O-O Nc6 7. Nc3 a6 8. Bd3 cxd4 9. exd4 Be7 10. Bg5 O-O 11. Re1 ({RR} 11. a3 Nd5 12. h4 h6 13. Bxe7 Ncxe7 14. Bc2 b6 15. Qd3 f5 16. Rfe1 Bb7 17. Bb3 Kh7 18. h5 Qe8 19. Qd2 Nxc3 20. bxc3 Nd5 21. c4 Nf6 22. d5 Ne4 23. Qf4 exd5 24. cxd5 Qxh5 25. Rad1 Rf6 {0-1 Jedlicka,A (2176)-Babiarz,A (2151) 35th Czech Open E 2024 (6.3)}) 11... Nd5 $146 ({RR} 11... Nb4 12. Bb1 b5 13. a4 bxa4 14. Rxa4 Nbd5 15. Qd3 g6 16. Ne5 Bb7 17. Bh6 Re8 18. Qh3 Qb6 19. Ne4 Nxe4 20. Bxe4 Rad8 21. Qg3 Bd6 22. h4 Ne7 23. Qf3 Nf5 24. Bg5 Bxe4 25. Bxd8 Qb5 26. Qxe4 {1-0 Alvarez Marquez,J (2204)-Buhmann,R (2386) Wch U18 Oropesa del Mar 1999 (8)}) ({RR} 11... h6 12. Bf4 b5 13. Qd2 Re8 14. a4 Na5 15. Bxh6 gxh6 16. Qxh6 Bf8 17. Qh4 b4 18. Re5 Bg7 19. Rg5 Kf8 20. Ne4 Nxe4 21. Qxe4 Ra7 22. d5 exd5 23. Qxb4+ Ree7 24. Rc1 Nc4 25. Bxc4 dxc4 26. Qxc4 {1-0 Praggnanandhaa,R (2688)-Kuybokarov,T (2566) 6th Sharjah Masters 2023 (8.8)}) ({RR} 11... Re8 12. Qd2 Nb4 13. Bxf6 Bxf6 14. Be4 Re7 15. Rad1 Nd5 16. h4 Nxc3 17. Qxc3 Rc7 18. Qe3 Bd7 19. d5 exd5 20. Rxd5 h6 21. g4 Qc8 22. g5 Bxb2 23. gxh6 g6 24. Qf4 Be6 25. Ng5 Rc1 26. Rdd1 {1-0 Epishin,V (2600)-Peek,M (2373) Monarch Assurance 14th 2005 (1)}) ({RR} 11... Nb4 12. Bb1 b6 13. Bxf6 Bxf6 14. Be4 Nd5 15. Ne5 Bb7 16. Qh5 g6 17. Qf3 Bg7 18. Nxd5 exd5 19. Bc2 Rc8 20. Bb3 Qd6 21. Re2 a5 22. Re3 b5 23. a4 Qb4 24. Qd1 Rc7 25. axb5 Qxb5 26. h3 {0-1 Andersen,M (2459)-Postny,E (2672) London Classic op 7th 2015 (4)}) 12. h4 h6 13. Nxd5 Qxd5 14. Be4 Qd6 15. Be3 Bd7 16. Qd2 f5 17. Bf4 Qb4 18. Bc2 Qxd2 19. Bxd2 Bf6 20. Rad1 Rad8 21. Bf4 Be8 22. Rxe6 Nxd4 23. Nxd4 Rxd4 24. Rxd4 Bxd4 25. Re7 Bc6 26. Be5 Bxe5 27. Rxe5 g6 28. h5 gxh5 29. Bxf5 Rd8 30. Be6+ Kg7 31. Rxh5 Rd1+ 32. Kh2 Rd2 33. Rf5 Rxb2 34. g4 Be8 35. Kg3 Re2 36. Bb3 b5 37. Rc5 Re7 38. f4 Kf6 39. Rc8 a5 40. Rb8 Re3+ 41. Kh4 a4 42. Bd5 Ke7 43. f5 Re5 44. Rb7+ Kf8 45. Be6 Re4 46. Rh7 b4 47. Rh8+ Ke7 48. Rxh6 b3 49. axb3 a3 50. Rh7+ Kf6 51. Ra7 Bb5 52. Rxa3 Be2 53. Ra4 1-0

[Event "45th Olympiad 2024"]
[Site "Budapest HUN"]
[Date "2024.09.22"]
[Round "11.1"]
[Board "3"]
[White "Subelj, Jan"]
[Black "Erigaisi, Arjun"]
[Result "0-1"]
[WhiteElo "2498"]
[BlackElo "2778"]
[PlyCount "98"]
[EventDate "2024.09.11"]
[WhiteTeam "Slovenia"]
[BlackTeam "India"]
[WhiteTeamCountry "SLO"]
[BlackTeamCountry "IND"]

1. e4 {Marin,Mihail} d5 2. exd5 Qxd5 3. Nc3 Qd6 4. d4 Nf6 5. Nf3 g6 6. Nb5 Qb6 7. a4 ({RR} 7. Na3 c6 ({RR} 7... Bg7 8. Nc4 Qc6 9. Be2 O-O 10. O-O Nbd7 11. Re1 Nd5 12. c3 h6 13. Bd2 Qf6 14. Nce5 Nxe5 15. Nxe5 Rd8 16. Bf3 c6 17. Qc1 g5 18. Bh5) 8. Nc4 Qd8 ({RR} 8... Qc7 9. Nce5 Bg7 ({RR} 9... Nbd7) 10. Bc4 ({RR} 10. Ng5 O-O 11. Bc4 e6 12. O-O) 10... Nd5 11. O-O Nd7 12. Nd3 O-O 13. Bb3 b5 14. Re1 N7b6 15. c3 a5) 9. g3 ({RR} 9. Nce5 Bg7 ({RR} 9... Nbd7) 10. Bc4 O-O 11. O-O Nbd7 12. c3 ({RR} 12. Nxf7 Rxf7 13. Bxf7+ Kxf7 14. Ng5+ Kg8 15. Ne6 Qb6 16. Qe2) 12... Nxe5 13. Nxe5 Nd5 14. Re1 Be6) 9... Be6 10. Qe2 Bg7 11. Bg2 O-O ({RR} 11... Qd5 12. Ne3 ({RR} 12. Nce5 Nfd7) ({RR} 12. Ncd2 O-O 13. O-O Qh5) 12... Qa5+ 13. Bd2 Qa6) 12. O-O Qc8 ({RR} 12... Qd5 13. Nce5) 13. Ng5 Bd5 ({RR} 13... Bxc4 14. Qxc4 e6) 14. Bh3 ({RR} 14. Ne5) 14... Bxc4 15. Qxc4 Nbd7 16. Qe2 Qd8 17. c4 h6 18. Nf3 Re8 19. Rd1 e6 20. Bd2 a5 21. Bc3 Qc7 {½-½ Leko,P (2732)-Caruana,F (2786) Tashkent FIDE GP 2nd 2012 (11)}) ({RR} 7. c4 c6 8. Nc3 ({RR} 8. c5 Qd8 9. Nc3 Bg7 10. Bc4 O-O 11. O-O Bg4 12. Be3 b5 13. cxb6 axb6 14. h3 Bc8 15. a4 Ba6) 8... Bg7 ({RR} 8... Bg4 9. Be2 Bg7 10. O-O O-O 11. h3 Bxf3 12. Bxf3 Nbd7 13. Re1 Rfe8 14. d5 Rad8 15. Qb3 cxd5 16. cxd5 a6 17. Bg5 Qxb3 18. axb3 h6) 9. h3 O-O 10. Bd3 Nbd7 11. O-O Re8 12. Re1 Qc7 13. Bg5 Nf8 14. Qd2 Ne6 15. Be3 b6 16. Rac1 Bb7 17. c5 bxc5 18. dxc5 Rad8 19. Qc2 Nf4 20. Bxf4 Qxf4 21. Bf1 Bc8) ({RR} 7. Bf4 Nd5 8. Be5 ({RR} 8. Bd2 c6 9. Na3 Bg7 10. Nc4 Qc7 11. Nce5 O-O 12. Bc4 b5 13. Bb3 a5 14. a4 b4 15. O-O Bb7 16. Qc1 Nd7 17. Bh6 Nxe5 18. Bxd5 Bxh6 19. Qxh6 Ng4 20. Qh4 cxd5 21. Qxg4 Bc8 22. Qg5 Bf5) 8... f6 9. Bg3 a6 10. c4 axb5 11. cxd5 c6 ({RR} 11... e6 12. Bd3 Qa5+ 13. Kf1 c6 14. Qc2 exd5 15. Bxg6+ hxg6 16. Qxg6+ Ke7 17. Re1+) 12. Bd3 Qa5+ ({RR} 12... cxd5 13. O-O Nc6 14. Qb3 e6 15. Bxb5) 13. Kf1 cxd5) 7... a6 8. Na3 Be6 9. Nc4 $146 ({RR} 9. c3 Bg7 10. Nc4 Bxc4 11. Bxc4 O-O 12. a5 Qc6 13. Qe2 b5 14. Bd3 Nbd7 15. O-O Qd6 16. c4 c5 17. cxb5 axb5 18. dxc5 Nxc5 19. Bxb5 Nb3 20. Ra3 Nxa5 21. Rd1 Qc5 22. Be3 Qh5 23. Rda1 Rfb8 {1-0 Isanzhulov,A (2339)-Lodoev,A (2294) Noviy Urengoy Flaming Memorial 2022 (9)}) ({RR} 9. Bc4 Qc6 10. Qe2 Bxc4 11. Nxc4 Qe4 12. Bg5 Bg7 13. Bxf6 Qxe2+ 14. Kxe2 Bxf6 15. c3 a5 16. Rhd1 Nd7 17. b4 axb4 18. cxb4 Nb6 19. Nxb6 cxb6 20. Ne5 Rc8 21. a5 Bxe5 22. dxe5 Rc2+ 23. Kf1 bxa5 {½-½ Uskov,A (2433)-Rakhmanov,A (2614) Vladimir Dvorkovich Open 2024 (6.12)}) 9... Bxc4 10. Bxc4 Bg7 11. O-O O-O 12. c3 c5 13. a5 Qc7 14. dxc5 Qxc5 15. Qd4 Rc8 16. Ne5 e6 17. Ra4 Qxd4 18. cxd4 Nc6 19. Nxc6 Rxc6 20. Bg5 Rd8 21. Rd1 Rd7 22. Kf1 Nd5 23. Ke2 h6 24. Be3 Ne7 25. Bd3 Rcd6 26. Rd2 f5 27. Bc4 g5 28. f4 g4 29. Rb4 Nd5 30. Bxd5 Rxd5 31. Rb6 Kf7 32. Rd3 Re7 33. Rdb3 Bxd4 34. Bxd4 Rxd4 35. Rxb7 Re4+ 36. Kd3 Rxf4 37. Rxe7+ Kxe7 38. Rb7+ Kf6 39. b4 Rf2 40. Rb6 Rxg2 41. Rxa6 Rxh2 42. Ra8 Ra2 43. b5 g3 44. a6 h5 45. Ke3 h4 46. Rg8 h3 47. Rxg3 h2 48. Rh3 Ra3+ 49. Kf4 e5# 0-1

[Event "45th Olympiad 2024"]
[Site "Budapest HUN"]
[Date "2024.09.22"]
[Round "11.1"]
[Board "4"]
[White "Vidit, Santosh Gujrathi"]
[Black "Sebenik, Matej"]
[Result "1/2-1/2"]
[WhiteElo "2720"]
[BlackElo "2515"]
[PlyCount "118"]
[EventDate "2024.09.11"]
[WhiteTeam "India"]
[BlackTeam "Slovenia"]
[WhiteTeamCountry "IND"]
[BlackTeamCountry "SLO"]

1. e4 {ChessBase II} c5 2. Nf3 Nc6 3. Bb5 Nf6 4. Nc3 Nd4 ({RR} 4... Qc7) ({RR} 4... g6) 5. e5 Nxb5 6. Nxb5 Nd5 7. Qe2 ({RR} 7. c4 Nc7 8. Nc3 d5 9. exd6 exd6 10. d4 Be7 11. O-O O-O 12. Bf4 Ne6 13. Be3 Nc7 14. h3 Bf5 15. Re1 Re8 16. Qd2 d5 17. cxd5 c4 18. Bf4 Nxd5 19. Re5 Nxc3 20. Qxc3 Qd7 21. Qxc4 Rac8 {½-½ Firouzja,A (2760)-Caruana,F (2803) FIDE Candidates 2024 (3.3)}) ({RR} 7. Ng5 f6 8. exf6 Nxf6 9. O-O e6) ({RR} 7. O-O a6 8. Nc3 Nxc3 9. dxc3 d5 10. exd6 exd6 11. Ng5 h6 12. Qh5 g6 13. Qe2+ Be7 14. Ne4 Be6 15. c4 Qb6 16. b3 O-O-O 17. Bb2 Rhg8 18. Bf6 Qc7 19. Bxe7 Qxe7 20. Nc3 Rge8 21. Rae1 Qh4) 7... d6 $146 ({RR} 7... Nf4 8. Qe4 Ne6 9. O-O Qb6 10. c4 Qc6 11. Qe3 a6 12. Nc3 d6 13. Nd5 Bd7 14. Re1 Rc8 15. b3 g6 16. Bb2 Bg7 17. Rac1 b5 18. Ba1 bxc4 19. exd6 Bxa1 20. Nxe7 Bd4 21. Nxd4 cxd4 22. Qe5 {1-0 Perez Bohigas,L (2017)-Salas Miranda,L (2019) Havana-ch (Women) 2009 (14)}) ({RR} 7... Nc7 8. d4 Nxb5 9. Qxb5 cxd4 10. Nxd4 a6 11. Qa4 e6 12. Be3 b6 13. Nb5 Bb7 14. Nd6+ Bxd6 15. exd6 O-O 16. O-O-O Rc8 17. f3 Rc6 18. Kb1 Qf6 19. Qg4 Rfc8 20. Rd2 b5 21. Re1 Rc4 22. Bd4 {0-1 Ootes,L (2388)-Garriga Cazorla,P (2466) TCh-CAT Gp1 2024 (2.1)}) ({RR} 7... e6 8. d4 a6 9. Nc3 ({RR} 9. c4 Nb4 10. Nc3 cxd4 11. Nxd4 d6 12. O-O dxe5 13. Qxe5 Nd3 14. Qe4 Nxc1 15. Raxc1) 9... Nxc3 10. bxc3 d5 11. exd6 Bxd6 12. O-O O-O 13. Ne5 Qc7 14. f4 cxd4 15. cxd4 Qc3 16. Be3 Bxe5 17. fxe5 Bd7 18. Qd2 Rfc8 19. Rac1 Qxd2 20. Bxd2 Rc4 21. c3 Ra4 ({RR} 21... Rac8 22. Rb1 Bc6) 22. Rc2 {0-1 Leski,M (2370)-Whitehead,J (2245) World U17-ch03 1977 (2)}) ({RR} 7... Nf4 8. Qe4 Ne6 9. O-O g6 10. d4 cxd4 11. Nfxd4 Bg7 12. Be3 a6 13. Nc3 Qc7 {½-½ Laird,C-Chandler,M (2390) NZL-ch Wellington 1978 (3)}) 8. exd6 a6 9. Nc7+ Nxc7 10. dxc7 Qxc7 11. b3 Bg4 12. Bb2 Qc6 13. Rg1 f6 14. a4 Rc8 15. d3 Qe6 16. Qe3 g6 17. a5 Rc6 18. Kf1 h5 19. Qf4 Bh6 20. Qg3 Kf7 21. h3 Bxf3 22. Qxf3 Rd8 23. g4 Qd5 24. Qxd5+ Rxd5 25. Ra4 Bg7 26. Ke2 hxg4 27. hxg4 f5 28. Bxg7 Kxg7 29. g5 Rd4 30. Rc4 Kf7 31. Rh1 Ke6 32. Ke3 f4+ 33. Kf3 Kf5 34. Rh7 Rxc4 35. bxc4 Re6 36. Rh4 Kxg5 37. Rg4+ Kf6 38. Rxf4+ Kg7 39. Rg4 Re5 40. Rg1 Rf5+ 41. Ke3 Re5+ 42. Kd2 Rf5 43. Rf1 Kf7 44. f3 Rf6 45. Ke3 Re6+ 46. Kf2 b5 47. axb6 Rxb6 48. Ke3 Re6+ 49. Kf4 Re2 50. Ra1 e5+ 51. Kg3 Rxc2 52. Rxa6 Rd2 53. Rd6 Ke7 54. Rd5 Ke6 55. Rxc5 Rxd3 56. Kg4 Rd4+ 57. Kg3 Kd6 58. Rc8 Kd7 59. Rc5 Kd6 1/2-1/2

[Event "45th Olympiad 2024"]
[Site "Budapest HUN"]
[Date "2024.09.22"]
[Round "11.2"]
[Board "1"]
[White "Shirov, Alexei"]
[Black "Rapport, Richard"]
[Result "1/2-1/2"]
[WhiteElo "2666"]
[BlackElo "2715"]
[PlyCount "78"]
[EventDate "2024.09.11"]
[WhiteTeam "Spain"]
[BlackTeam "Hungary"]
[WhiteTeamCountry "ESP"]
[BlackTeamCountry "HUN"]

1. e4 c6 2. d4 d5 3. e5 Bf5 4. Nf3 e6 5. Be2 Nd7 6. O-O a5 7. a4 f6 8. Nh4 fxe5 9. Nxf5 exf5 10. dxe5 Nxe5 11. Re1 Bd6 12. Bf4 ({RR} 12. f4 Nf7 13. Bd3+ Ne7 14. Bxf5 O-O 15. Be6 Kh8 16. g3 Bc5+ 17. Kg2 Nd6 18. Nd2 Nef5 19. Nf3 Qf6 20. g4 Nh4+ 21. Nxh4 Qxh4 22. Rf1 Rae8 23. f5 Rxe6 24. Bg5 Qxg5 25. fxe6 Re8 26. Qf3 Nc4 {0-1 Skliarov,V (2353)-Dvirnyy,D (2492) Titled Tue 7th May Early 2024 (10)}) 12... Ng6 13. Bxd6 Qxd6 14. Qd4 $146 ({RR} 14. c4 d4 15. c5 Qxc5 16. Na3 O-O-O 17. Rc1 Qb4 18. Bd3 N8e7 19. h4 Kb8 20. Qf3 Nd5 21. Nc2 Qd6 22. Qxf5 Nxh4 23. Qg4 Nf4 24. Be4 g5 25. Na3 h5 26. Qg3 d3 27. Nc4 {0-1 Asadli,V (2562)-Rapport,R (2731) World Rapid 2023 (1.8)}) 14... N8e7 15. Qxg7 O-O-O 16. Qc3 Rhg8 17. Nd2 Nh4 18. Bf1 Kb8 19. Qe5 Nhg6 20. Qxd6+ Rxd6 21. Nb3 f4 22. Nd4 Rf6 23. Re6 Rgf8 24. Rae1 Rxe6 25. Nxe6 Rf6 26. Bd3 Kc8 27. c3 Kd7 28. Nc5+ Kc7 29. b4 b6 30. Nb3 axb4 31. cxb4 Kd6 32. a5 bxa5 33. Nxa5 Nf5 34. Nb7+ Kc7 35. Nc5 Nd4 36. f3 Kd6 37. Nb7+ Kc7 38. Nc5 Kd6 39. Nb7+ Kc7 1/2-1/2

[Event "45th Olympiad 2024"]
[Site "Budapest HUN"]
[Date "2024.09.22"]
[Round "11.2"]
[Board "2"]
[White "Leko, Peter"]
[Black "Anton Guijarro, David"]
[Result "1/2-1/2"]
[WhiteElo "2666"]
[BlackElo "2665"]
[PlyCount "86"]
[EventDate "2024.09.11"]
[WhiteTeam "Hungary"]
[BlackTeam "Spain"]
[WhiteTeamCountry "HUN"]
[BlackTeamCountry "ESP"]

1. e4 e5 2. Nf3 Nc6 3. Bb5 a6 4. Ba4 Nf6 5. O-O Be7 6. Re1 b5 7. Bb3 O-O 8. a4 b4 9. d4 d6 10. dxe5 Nxe5 11. Nxe5 dxe5 12. Qxd8 Rxd8 13. Nd2 Bc5 14. Nf3 Ng4 15. Be3 Bxe3 16. fxe3 Be6 17. Bxe6 fxe6 18. Rad1 Rd6 19. h3 Nf6 20. Nxe5 Rad8 21. Rxd6 Rxd6 22. Nd3 Nxe4 23. Nxb4 c5 24. Nd3 c4 25. Nf2 Nc5 26. a5 $146 ({RR} 26. Rd1 Rb6 27. Rd4 Nxa4 28. Nd1 Nxb2 29. Nxb2 Rxb2 30. Rxc4 Kf7 {½-½ Song,Y (2292)-Shuvalova,P (2412) Wch U20 Girls 37th 2019 (11)}) 26... Rd2 27. Rc1 Kf7 28. Kf1 h5 29. Ke1 Rd7 30. Ra1 Rb7 31. Ra2 Kg6 32. Kd2 Rf7 33. Ke2 Rb7 34. Kd2 Rf7 35. Ke2 Rb7 36. h4 Kf5 37. Kd2 e5 38. Kc3 Ne4+ 39. Nxe4 Kxe4 40. Kd2 Rb4 41. Kc3 Rb7 42. Kd2 Rb4 43. Kc3 Rb7 1/2-1/2

[Event "45th Olympiad 2024"]
[Site "Budapest HUN"]
[Date "2024.09.22"]
[Round "11.2"]
[Board "3"]
[White "Pichot, Alan"]
[Black "Sjugirov, Sanan"]
[Result "1-0"]
[WhiteElo "2628"]
[BlackElo "2644"]
[PlyCount "79"]
[EventDate "2024.09.11"]
[WhiteTeam "Spain"]
[BlackTeam "Hungary"]
[WhiteTeamCountry "ESP"]
[BlackTeamCountry "HUN"]

1. e4 e5 2. Nf3 Nc6 3. Bc4 Bc5 4. d3 Nf6 5. O-O d6 6. c3 O-O 7. h3 a5 8. Re1 Be6 9. Bb5 Ba7 10. Nbd2 Ne7 11. d4 Ng6 12. Ba4 Nh5 13. Nf1 Nhf4 14. Ng3 c6 15. Bc2 Qd7 ({RR} 15... f6 16. Bb3 d5 17. Bxf4 Nxf4 18. exd5 cxd5 19. dxe5 Kh8 20. Ne2 Nxh3+ 21. gxh3 fxe5 22. Ng3 Qf6 23. Rxe5 Bxh3 24. Bxd5 Bg4 25. Qe2 Bxf3 26. Bxf3 Qxf3 27. Qxf3 Rxf3 28. Ne4 Raf8 29. Kg2 R3f4 30. Re1 {½-½ Liu Qingnan (2540)-Dai,C (2502) TCh-CHN DivA Standard 2024 (2.2)}) 16. Nf5 f6 17. N5h4 $146 ({RR} 17. Be3 Kh8 18. dxe5 fxe5 19. Ng5 d5 20. Nxe6 Qxe6 21. Bxa7 Rxa7 22. Qg4 Qf6 23. Rad1 h5 24. Qf3 Qg5 25. Qg3 Qf6 26. Kh2 Raa8 27. Qf3 Nh4 28. Nxh4 Qxh4 29. exd5 Nxg2 30. Qd3 e4 31. Rxe4 Qxf2 {1-0 Dominguez Perez,L (2752)-So,W (2772) Berlin FIDE GP 1 Pool-D playoff rapid 2022 (2)}) 17... Qf7 18. Nxg6 Nxg6 19. Be3 Bb8 20. b3 b5 21. a4 Bc7 22. axb5 cxb5 23. d5 Bd7 24. c4 Qe7 25. Qd2 Rfb8 26. Red1 Qf8 27. Ra2 b4 28. Ne1 a4 29. Nd3 f5 30. f3 fxe4 31. fxe4 Nf4 32. c5 Nxd3 33. Bxd3 dxc5 34. d6 Bb6 35. Bc4+ Kh8 36. Rf1 Qc8 37. Bh6 gxh6 38. Qxh6 Qf8 39. Rxf8+ Rxf8 40. Rf2 1-0

[Event "45th Olympiad 2024"]
[Site "Budapest HUN"]
[Date "2024.09.22"]
[Round "11.2"]
[Board "4"]
[White "Gledura, Benjamin"]
[Black "Santos Latasa, Jaime"]
[Result "1-0"]
[WhiteElo "2628"]
[BlackElo "2624"]
[PlyCount "85"]
[EventDate "2024.09.11"]
[WhiteTeam "Hungary"]
[BlackTeam "Spain"]
[WhiteTeamCountry "HUN"]
[BlackTeamCountry "ESP"]

1. d4 Nf6 2. c4 e6 3. Nc3 Bb4 4. e3 O-O 5. a3 Bxc3+ 6. bxc3 c5 7. Bd3 Nc6 8. Ne2 b6 9. e4 Ne8 10. O-O Ba6 11. Nf4 ({RR} 11. Ng3 Na5 12. f4 Bxc4 13. Bxc4 Nxc4 14. f5 cxd4 15. cxd4 f6 16. Rb1 exf5 17. exf5 d5 18. Rb3 Qd7 19. Qh5 Ned6 20. Ne2 Qf7 21. Qh3 Rfe8 22. Nf4 Ne4 23. Ne6 Rac8 24. Qh4 Ncd2 25. Bxd2 Nxd2 {½-½ Jobava,B (2713)-Wojtaszek,R (2683) FIDE World Cup 2011 (2.1)}) 11... e5 $146 ({RR} 11... cxd4 12. cxd4 Nxd4 13. Bb2 e5 14. Nd5 Nc7 15. f4 d6 16. Qh5 Nxd5 17. exd5 g6 18. Qh6 f5 19. g4 Qc7 20. fxe5 dxe5 21. gxf5 Bxc4 22. Rac1 b5 23. fxg6 Rxf1+ 24. Bxf1 Qg7 25. Qxh7+ Qxh7 26. gxh7+ {1-0 Gledura,B (2645)-Durarbayli,V (2631) Aimchess Rapid Div 3 L 2023 (3.2)}) ({RR} 11... Na5 12. e5 f5 13. d5 Qe7 14. Qe2 Qf7 15. h4 g6 16. Be3 Ng7 17. Rad1 Kh8 18. Nh3 Nh5 19. Bh6 Rfe8 20. Ng5 Qg8 21. Qf3 Rad8 22. Rfe1 Re7 23. Bf1 Bxc4 24. Bxc4 Nxc4 25. dxe6 dxe6 26. Rxd8 {0-1 Hakobyan,A (2612)-Ter Sahakyan,S (2609) chess.com SpeedChess Q1Sw 2023 (4)}) 12. Nd5 exd4 13. e5 d6 14. f4 Ne7 15. cxd4 cxd4 16. a4 Rc8 17. Ra3 f5 18. Nxe7+ Qxe7 19. c5 dxe5 20. Bxa6 Rxc5 21. fxe5 Nc7 22. Be2 Qxe5 23. Raf3 Nd5 24. Ba3 Ne3 25. Qb3+ Kh8 26. Bxc5 Qxc5 27. Rb1 d3 28. Kh1 Ng4 29. Qxd3 Nf2+ 30. Rxf2 Qxf2 31. Bf3 Qc5 32. h3 g6 33. Qd7 a6 34. Re1 Rc8 35. Bb7 Rf8 36. Re7 Qc1+ 37. Kh2 Qf4+ 38. g3 Qf2+ 39. Bg2 Qb2 40. Rxh7+ Kg8 41. Rh6 Rf6 42. Qe8+ Kg7 43. Qh8+ 1-0

[Event "45th Olympiad 2024"]
[Site "Budapest HUN"]
[Date "2024.09.22"]
[Round "11.3"]
[Board "1"]
[White "Ding, Liren"]
[Black "Caruana, Fabiano"]
[Result "1/2-1/2"]
[WhiteElo "2736"]
[BlackElo "2798"]
[PlyCount "19"]
[EventDate "2024.09.11"]
[WhiteTeam "China"]
[BlackTeam "United States of America"]
[WhiteTeamCountry "CHN"]

1. c4 c5 2. Nf3 g6 3. d4 cxd4 4. Nxd4 Bg7 5. e4 Nc6 6. Be3 Qb6 $146 ({RR} 6... e6 7. Be2 Nge7 8. Nc3 a6 9. O-O O-O 10. Qd2 Re8 11. f4 d6 12. Rad1 d5 13. cxd5 exd5 14. e5 Nxd4 15. Bxd4 Be6 16. Bf3 Qa5 17. Qf2 Qd8 18. Bc5 Bf8 19. Bd6 Rc8 20. Nxd5 Nxd5 21. Bxd5 {1-0 Halasz,M-Lajcak,S Bratislava Slovan op 1991 (6)}) ({RR} 6... Nxd4 7. Bxd4 e5 8. Be3 Ne7 9. Nc3 f5 10. Bg5 h6 11. Bxe7 Qxe7 12. exf5 O-O 13. fxg6 Qf6 14. Qc2 e4 15. Nxe4 Qxg6 16. Bd3 d5 17. cxd5 Bf5 18. O-O Rac8 19. Qe2 Bd4 20. Kh1 Bxb2 21. Qxb2 {0-1 Djellouli,H (2080)-Sohier,R (1940) FRA-chT4 0506 2005 (5)}) 7. Nb3 Qd8 8. Nd4 Qb6 9. Nb3 Qd8 10. Nd4 1/2-1/2

[Event "45th Olympiad 2024"]
[Site "Budapest HUN"]
[Date "2024.09.22"]
[Round "11.3"]
[Board "2"]
[White "So, Wesley"]
[Black "Wei, Yi"]
[Result "1-0"]
[WhiteElo "2752"]
[BlackElo "2762"]
[PlyCount "81"]
[EventDate "2024.09.11"]
[WhiteTeam "United States of America"]
[BlackTeam "China"]
[BlackTeamCountry "CHN"]

1. e4 c5 2. Nf3 d6 3. Bb5+ Nd7 4. a4 Ngf6 5. Nc3 g6 6. d4 cxd4 7. Nxd4 Bg7 8. O-O O-O 9. Re1 Nc5 ({RR} 9... a6 10. Bf1 e6 11. f3 Qc7 12. Be3 b6 13. Qd2 Bb7 14. Rad1 Rfd8 15. Bh6 Bh8 16. Bg5 Ne5 17. Qf4 Ned7 18. Qh4 Re8 19. Kh1 h5 20. Nb3 Nh7 21. Be7 Bf6 22. Bxf6 Ndxf6 23. Rd2 Kg7 24. Qg3 {1-0 Hari,M (2395)-Sharma,D (2209) ch-IND Blitz 2023-24 2024 (11.6)}) 10. f3 a6 11. Bc4 $146 ({RR} 11. Bf1 Qc7 12. Be3 e5 13. Nb3 Nxb3 14. cxb3 Qa5 15. Qxd6 Rd8 16. Qb6 Qxb6 17. Bxb6 Re8 18. b4 Bf8 19. Bc5 b6 20. Bxf8 Kxf8 21. Rec1 Bb7 22. Nd1 Rac8 23. Ne3 Nd7 24. Rd1 Nb8 25. Nc4 Re6 {1-0 Delgado Ramirez,N (2515)-Yu Jiangwei (2366) 1000GM Thanksgiving GM 2023 (4.1)}) ({RR} 11. Bf1 e5 12. Nde2 b6 13. Be3 Be6 14. b4 Nb7 15. Nd5 Nxd5 16. exd5 Bd7 17. c3 Qc7 18. Qb3 f5 19. f4 Kh8 20. g3 Rfc8 21. Rec1 a5 22. Bg2 b5 23. fxe5 bxa4 24. Qd1 dxe5 25. d6 Nxd6 {0-1 Najdin,D (2301)-Brodsky,M (2564) Voronezh op-A 19th 2015 (6)}) ({RR} 11. Bf1 e5 12. Nde2 Be6 13. b4 Ncd7 14. Qxd6 Re8 15. Rb1 Bf8 16. Qd3 Rc8 17. Be3 Qc7 18. Rec1 Red8 19. Nd5 Nxd5 20. exd5 Nf6 21. c4 Bf5 22. Qb3 Bxb1 23. Qxb1 a5 24. Bg5 axb4 25. Kh1 Be7 {0-1 Tippleston,C (2077)-Nettleton,C (2008) BCF-chT2 2021 (4NCL) online 2020 (5.12)}) 11... Qc7 12. Bf1 e5 13. Nb3 Be6 14. Be3 b6 15. Re2 Rfd8 16. Rd2 Rd7 17. Nxc5 dxc5 18. Rxd7 Qxd7 19. Qxd7 Nxd7 20. Rd1 Bf6 21. Rd6 Be7 22. Rc6 Kf8 23. Nd5 Bd8 24. Bc4 Ke8 25. Kf2 Ra7 26. Rc8 Nf8 27. Rb8 Nd7 28. Rc8 Nf8 29. Nxb6 Bxc8 30. Nxc8 Ra8 31. Nd6+ Kd7 32. Nxf7 Bf6 33. Bxc5 Ne6 34. Ba3 Rc8 35. b3 Nd4 36. Bb2 a5 37. Bxd4 exd4 38. e5 Be7 39. f4 Kc6 40. Kf3 Kc5 41. Ke4 1-0